Pirátske výrobky ohrozujú zdravie

Rozširovanie nelegálne vyrobených potravín zvlášť na predvianočnom trhu. Napodobovanie obalov originálnych výrobkov. Možné nebezpečenstvo pri konzumácii pirátskych výrobkov. Rôzne podoby falšovania výrobkov a ich certifikácie. Nevyjasnené vlastnícke vzťahy pri niektorých výrobkoch.

Guardado en:
Detalles Bibliográficos
Autor principal: Augustín, Martin
Formato: Capítulo de libro
Lenguaje:eslovaco
Materias:
Etiquetas: Agregar Etiqueta
Sin Etiquetas, Sea el primero en etiquetar este registro!

MARC

LEADER 00000naa a2200000 4500
001 r036907
005 20230929112952.5
041 0 |a slo 
044 |a SK 
245 1 0 |a Pirátske výrobky ohrozujú zdravie  |c Martin Augustín 
520 |a Rozširovanie nelegálne vyrobených potravín zvlášť na predvianočnom trhu. Napodobovanie obalov originálnych výrobkov. Možné nebezpečenstvo pri konzumácii pirátskych výrobkov. Rôzne podoby falšovania výrobkov a ich certifikácie. Nevyjasnené vlastnícke vzťahy pri niektorých výrobkoch. 
610 2 0 |a ochrana autorstva 
610 2 0 |a výrobky 
610 2 0 |a známky ochranné 
610 2 0 |a potraviny 
610 2 0 |a súťaž nekalá 
610 2 0 |a licencie 
610 2 0 |a vzťahy vlastnícke 
100 1 |a Augustín, Martin